[Event "XVII OOM Podlaskie - Chlopcy"]
[Site "Suwalki"]
[Date "2011.??.??"]
[Round "5.12"]
[White "Zebracki, Tomasz"]
[Black "Fronczak, Sebastian"]
[Result "0-1"]
[WhiteElo "1798"]
[BlackElo "1712"]
[PlyCount "160"]
[EventDate "2011.??.??"]

1. e4 c5 2. Nf3 d6 3. c3 Nf6 4. Bd3 Nc6 5. Bc2 Bg4 6. O-O g6 7. d3 Bg7 8. Be3
O-O 9. Nbd2 b5 10. a3 Nd7 11. d4 cxd4 12. cxd4 Bxd4 13. Nxd4 Nxd4 14. f3 Nxc2
15. Qxc2 Be6 16. f4 Rc8 17. Qd1 Bc4 18. Rf3 Nc5 19. f5 Nd3 20. b3 Ne5 21. bxc4
Nxf3+ 22. Nxf3 Rxc4 23. fxg6 hxg6 24. Qd5 Qc7 25. Nh4 e6 26. Qg5 Qd8 27. Qh6
Qf6 28. Rf1 Qg7 29. Qg5 Rxe4 30. Bxa7 f6 31. Qg3 Qxa7+ 32. Kh1 Rxh4 33. Qxh4
Qxa3 34. Qe4 Kg7 35. Qxe6 Qd3 36. Rc1 Rf7 37. h4 Qg3 38. Qe4 Qe5 39. Qg4 Ra7
40. Qc8 Ra1 41. Qc7+ Kh6 42. Qc8 Rxc1+ 43. Qxc1+ g5 44. Qc8 Qe1+ 45. Kh2 Qxh4+
46. Kg1 Qe1+ 47. Kh2 Qe4 48. Qh8+ Kg6 49. Qg8+ Kf5 50. Qc8+ Ke5 51. Qc3+ Kd5
52. Qa5 Qe5+ 53. Kh1 Kc5 54. Qc7+ Kb4 55. Qc1 d5 56. Qb1+ Kc4 57. Qc2+ Qc3 58.
Qe2+ Kb4 59. Qe7+ Kb3 60. Qb7 Qc4 61. Qa7 d4 62. Qa1 d3 63. Qb1+ Ka3 64. Qa1+
Kb4 65. Qb2+ Kc5 66. Qa3+ Kd4 67. Qa7+ Qc5 68. Qa1+ Qc3 69. Qa7+ Kc4 70. Qf7+
Kb4 71. Qe7+ Kb3 72. Qe6+ Kb2 73. Qb6 b4 74. Qf2+ Kc1 75. Kh2 d2 76. g3 Qe5 77.
Kh3 d1=Q 78. Qd2+ Kxd2 79. Kg2 Qee2+ 80. Kh3 Qb3 0-1

[Event "XVII OOM Podlaskie - Chlopcy"]
[Site "Suwalki"]
[Date "2011.??.??"]
[Round "5.13"]
[White "Chomczyk, Marek"]
[Black "Swiderski, Radoslaw"]
[Result "0-1"]
[WhiteElo "1696"]
[BlackElo "1785"]
[PlyCount "118"]
[EventDate "2011.??.??"]

1. e4 c5 2. Nf3 Nc6 3. d4 cxd4 4. Nxd4 Nf6 5. Nc3 d6 6. f3 e5 7. Nb3 Be6 8. Nd5
Bxd5 9. exd5 Nb8 10. c4 Nbd7 11. Be2 Rc8 12. Be3 b6 13. O-O Be7 14. Nd2 O-O 15.
b4 b5 16. Bxa7 bxc4 17. Ne4 Nb6 18. Kh1 Nfxd5 19. Bxb6 Nxb6 20. Qc1 d5 21. Rd1
Qc7 22. Ng3 g6 23. a4 d4 24. a5 Nd5 25. b5 Nc3 26. b6 Qb7 27. f4 Nxe2 28. Nxe2
f6 29. Qb2 Qa6 30. Rdb1 Rc5 31. b7 Rb8 32. Qb6 Qxb6 33. Rxb6 Bd8 34. Ra6 Rb5
35. Rc6 R5xb7 36. Rxc4 Rb1+ 37. Rc1 Rxc1+ 38. Nxc1 Bxa5 39. g3 Bc3 40. Ra6 Rb1
41. Ra8+ Kf7 42. Ra7+ Ke6 43. f5+ Kxf5 44. g4+ Kxg4 45. Kg2 Rxc1 46. h3+ Kf4
47. Ra2 d3 48. Rf2+ Kg5 49. h4+ Kg4 50. h5 gxh5 51. Rf3 Rc2+ 52. Rf2 Rxf2+ 53.
Kxf2 d2 54. Ke2 h4 55. Kd1 h3 56. Ke2 h2 57. Kd1 h1=Q+ 58. Ke2 d1=R 59. Ke3
Qf3# 0-1

[Event "XVII OOM Podlaskie - Chlopcy"]
[Site "Suwalki"]
[Date "2011.??.??"]
[Round "5.14"]
[White "Ogonowski, Jakub"]
[Black "Czerw, Dawid"]
[Result "1/2-1/2"]
[WhiteElo "1690"]
[BlackElo "1761"]
[PlyCount "81"]
[EventDate "2011.??.??"]

1. e4 e6 2. Nf3 d5 3. Nc3 Nf6 4. e5 Nfd7 5. d4 c5 6. dxc5 Bxc5 7. Bd3 Nc6 8.
Bf4 f6 9. exf6 Nxf6 10. O-O O-O 11. Ne2 Qb6 12. Nc3 Qd8 13. Ne5 d4 14. Ne2 Bd6
15. Nxc6 bxc6 16. Bxd6 Qxd6 17. c3 c5 18. Qd2 Ng4 19. Ng3 Bb7 20. h3 Nf6 21.
Rfe1 Rae8 22. Ne4 Nxe4 23. Bxe4 Bxe4 24. Rxe4 Qd5 25. Rae1 Qxa2 26. cxd4 Rb8
27. R1e2 Rfd8 28. Qc3 cxd4 29. Rxd4 Rxd4 30. Qxd4 Qa1+ 31. Kh2 Qa6 32. Qe5 Rb5
33. Qc7 Rf5 34. Rc2 Rf8 35. Qd7 e5 36. Qd5+ Kh8 37. Qxe5 Qb6 38. Rc7 Rb8 39.
Rf7 h6 40. Rd7 Qxf2 41. Re7 1/2-1/2

[Event "XVII OOM Podlaskie - Chlopcy"]
[Site "Suwalki"]
[Date "2011.??.??"]
[Round "5.15"]
[White "Szymanowicz, Maksymilian"]
[Black "Karpacz, Piotr"]
[Result "1/2-1/2"]
[WhiteElo "1596"]
[BlackElo "1747"]
[PlyCount "60"]
[EventDate "2011.??.??"]

1. d4 d5 2. c4 dxc4 3. Nf3 Nf6 4. e3 e6 5. Bxc4 c5 6. O-O a6 7. Qe2 b5 8. Bb3
Bb7 9. a4 Nbd7 10. axb5 axb5 11. Rxa8 Qxa8 12. Nc3 b4 13. Nb5 Qb8 14. e4 cxd4
15. Nbxd4 Bd6 16. Bc2 O-O 17. Re1 Rc8 18. Bg5 Bf4 19. Bxf4 Qxf4 20. g3 Qc7 21.
Bd3 Nc5 22. e5 Bxf3 23. Nxf3 Nxd3 24. Qxd3 Nd5 25. Ra1 h6 26. Qd4 Qc2 27. Ne1
Qe2 28. Nd3 Rc2 29. Re1 Qd2 30. Qe4 Rc8 1/2-1/2

[Event "XVII OOM Podlaskie - Chlopcy"]
[Site "Suwalki"]
[Date "2011.??.??"]
[Round "5.16"]
[White "Niekras, Dawid"]
[Black "Beczala, Pawel"]
[Result "1-0"]
[WhiteElo "1789"]
[BlackElo "1693"]
[PlyCount "71"]
[EventDate "2011.??.??"]

1. e4 e6 2. d4 d5 3. Nc3 Bb4 4. e5 c5 5. a3 Bxc3+ 6. bxc3 Ne7 7. Qg4 Ng6 8. Bd2
Qc7 9. h4 h5 10. Qg3 Nc6 11. Nf3 Nce7 12. Bd3 c4 13. Bxg6 Nxg6 14. a4 Bd7 15.
Bc1 O-O-O 16. Ng5 Bc6 17. Nxe6 fxe6 18. Qxg6 Qd7 19. a5 Rdf8 20. Ba3 Rh6 21.
Qxh6 gxh6 22. Bxf8 Qf7 23. Bxh6 Qg6 24. Bg5 Qxc2 25. Rc1 Qe4+ 26. Kf1 Ba4 27.
Rh3 Bc2 28. Rf3 Bd3+ 29. Kg1 Qh7 30. Rf8+ Kd7 31. a6 b6 32. Rb8 Kc6 33. Rb7 Qg8
34. Rxa7 b5 35. Re7 Qc8 36. a7 1-0

[Event "XVII OOM Podlaskie - Chlopcy"]
[Site "Suwalki"]
[Date "2011.??.??"]
[Round "5.17"]
[White "Maciejewski, Andrzej"]
[Black "Krawiecki, Stanislaw"]
[Result "1-0"]
[WhiteElo "1721"]
[BlackElo "1520"]
[PlyCount "93"]
[EventDate "2011.??.??"]

1. e4 Nf6 2. e5 Nd5 3. d4 d6 4. c4 Nb6 5. exd6 cxd6 6. Nc3 g6 7. Be3 Bg7 8. Rc1
O-O 9. g3 Nc6 10. Be2 Bf5 11. Nf3 d5 12. c5 Nc8 13. O-O Bg4 14. h3 Bxf3 15.
Bxf3 e6 16. Be2 N8e7 17. Bb5 Nf5 18. Bxc6 bxc6 19. Ne2 f6 20. g4 Nxe3 21. fxe3
e5 22. Ng3 Bh6 23. Rc3 Qc7 24. Qf3 e4 25. Qf2 Rae8 26. Rc2 Kh8 27. Qe1 Rf7 28.
Kg2 Bg5 29. Kh1 Bh4 30. Rg2 f5 31. Rf4 Bg5 32. Rf1 f4 33. exf4 Bxf4 34. Rfg1
Ref8 35. b4 Bxg3 36. Rxg3 Rf3 37. a4 Rxg3 38. Rxg3 Qg7 39. Qd2 Qf6 40. Qd1 Qf1+
41. Qxf1 Rxf1+ 42. Kg2 Rb1 43. b5 cxb5 44. Rc3 b4 45. c6 bxc3 46. c7 Rb2+ 47.
Kg3 1-0

[Event "XVII OOM Podlaskie - Chlopcy"]
[Site "Suwalki"]
[Date "2011.??.??"]
[Round "5.18"]
[White "Molenda, Marcin"]
[Black "Czajkowski, Adam"]
[Result "0-1"]
[WhiteElo "1614"]
[BlackElo "1802"]
[PlyCount "114"]
[EventDate "2011.??.??"]

1. e4 c5 2. c3 d5 3. exd5 Qxd5 4. d4 Nc6 5. Nf3 Bg4 6. Be2 e6 7. Be3 cxd4 8.
cxd4 Nf6 9. Nc3 Qa5 10. O-O Be7 11. Qb3 Qc7 12. Rac1 O-O 13. Rfd1 Rfd8 14. Ne5
Bxe2 15. Nxe2 Nd5 16. Nxc6 bxc6 17. Qa4 Rdc8 18. Rd2 Qd7 19. a3 Rc7 20. Rdc2
Rac8 21. Ng3 f5 22. Ne2 Bd6 23. Bd2 Nb6 24. Qb3 c5 25. dxc5 Rxc5 26. Rxc5 Bxc5
27. Bc3 Nd5 28. Rd1 Qc6 29. h3 Kf7 30. Nd4 Bxd4 31. Bxd4 Nf4 32. Qf3 Qxf3 33.
gxf3 Nxh3+ 34. Kh2 Ng5 35. Bxa7 Nxf3+ 36. Kg3 Ne5 37. f4 Nc6 38. Rd7+ Kf6 39.
Be3 e5 40. b4 exf4+ 41. Kxf4 g5+ 42. Kg3 h5 43. b5 h4+ 44. Kh3 Ne5 45. Bd4 Ke6
46. Rh7 Nf3 47. Bf2 g4+ 48. Kg2 Rc2 49. b6 g3 50. Kxf3 Rxf2+ 51. Ke3 f4+ 52.
Ke4 g2 53. Rg7 h3 54. b7 Rb2 55. Kf3 Rxb7 56. Rg8 Rb3+ 57. Kf2 Rxa3 0-1

[Event "XVII OOM Podlaskie - Chlopcy"]
[Site "Suwalki"]
[Date "2011.??.??"]
[Round "5.19"]
[White "Lebiedowicz, Borys"]
[Black "Szymanowski, Mateusz"]
[Result "1-0"]
[WhiteElo "1689"]
[BlackElo "1743"]
[PlyCount "65"]
[EventDate "2011.??.??"]

1. e4 c5 2. Nf3 a6 3. d4 cxd4 4. Nxd4 Qc7 5. Bd3 d6 6. Nc3 Nf6 7. O-O e6 8. a4
b6 9. Be3 Nbd7 10. f4 Bb7 11. h3 h5 12. Nf3 Nc5 13. e5 Nfe4 14. Bxe4 Nxe4 15.
Nxe4 Bxe4 16. exd6 Bxd6 17. Qd4 Bf5 18. Qxg7 O-O-O 19. Qg3 Rdg8 20. Qf2 Bxh3
21. Ng5 Bxg2 22. Kxg2 f6 23. Rad1 fxg5 24. fxg5 Bc5 25. Qe2 Bxe3 26. Qxe3 Rg6
27. Rd3 Qb7+ 28. Kh3 Rg7 29. Rd6 Re8 30. Rxb6 Qd5 31. Qe2 Ra7 32. Rf3 Ree7 33.
g6 1-0

[Event "XVII OOM Podlaskie - Chlopcy"]
[Site "Suwalki"]
[Date "2011.04.17"]
[Round "5.20"]
[White "Smieszek, Wojciech"]
[Black "Buraczewski, Rafal"]
[Result "1-0"]
[WhiteElo "1741"]
[BlackElo "1631"]
[PlyCount "169"]
[EventDate "2011.??.??"]

1. e4 e6 2. d4 d5 3. Nc3 Nf6 4. Bg5 Be7 5. e5 Nfd7 6. Bxe7 Qxe7 7. f4 c5 8. Nb5
O-O 9. Nc7 cxd4 10. a3 Nxe5 11. Nxa8 Ng6 12. Bd3 Nxf4 13. Qf3 Qg5 14. g3 Nxd3+
15. cxd3 e5 16. h4 Qd8 17. h5 e4 18. Qf4 Na6 19. b4 Qe7 20. Rc1 Re8 21. Kd2
Nxb4 22. dxe4 dxe4 23. axb4 Qxb4+ 24. Ke2 e3 25. Rd1 Qb2+ (25... Bg4+) 26. Ke1
e2 27. Rc1 d3 28. Qd2 Qd4 29. Nf3 Qe4 30. Qf4 f5 31. Rh4 Qe7 32. Ng5 h6 33.
Qc4+ Kh8 34. Nf7+ Kh7 35. Qxd3 Qxf7 36. Rc7 Qf6 37. Qd4 Qf8 38. Rc2 Rd8 39. Qe3
Bd7 40. Nc7 Qd6 41. Rd4 Qb6 42. Nd5 Qa5+ 43. Nc3 Re8 44. Qc1 Qe5 45. Qf4 Qc5
46. Qd6 Qa5 47. Rc1 Bc6 48. Qg6+ Kh8 49. Qd6 Kh7 50. Rd5 Bxd5 51. Qg6+ Kh8 52.
Qxe8+ Kh7 53. Qxe2 Qc7 54. Qe3 Bc6 55. Qf4 Qa5 56. Qd2 Qe5+ 57. Kf2 a5 58. Qe3
Qc7 59. Qc5 Qd7 60. Rd1 Qf7 61. Ne2 Qxh5 62. Qxa5 Qf3+ 63. Ke1 Qh1+ 64. Kd2 Qe4
65. Qc3 b5 66. Qd3 Qb4+ 67. Nc3 Be4 68. Qe3 Bc6 69. Rb1 Qa5 70. Qc5 Be8 71.
Qxf5+ Bg6 72. Qxb5 Qd8+ 73. Qd5 Qc8 74. Rb7 Qh3 75. Ne2 Qc8 76. Qd7 Qg8 77. Nc3
Qf8 78. Ke3 Qf6 79. Qd4 Qg5+ 80. Kf2 Qf5+ 81. Kg2 Qf8 82. Ne4 Kh8 83. Qe5 Bxe4+
84. Qxe4 Qd6 85. Re7 1-0

[Event "XVII OOM Podlaskie - Chlopcy"]
[Site "Suwalki"]
[Date "2011.??.??"]
[Round "5.21"]
[White "Nun, Grzegorz"]
[Black "Maciejewski, Mikolaj"]
[Result "1/2-1/2"]
[WhiteElo "1705"]
[BlackElo "1622"]
[PlyCount "75"]
[EventDate "2011.??.??"]

1. e4 c6 2. d4 d5 3. exd5 cxd5 4. Bd3 Nc6 5. c3 Nf6 6. Bf4 e6 7. Nf3 Bd6 8.
Bxd6 Qxd6 9. O-O O-O 10. Re1 Re8 11. Ne5 Qc7 12. Nd2 Nxe5 13. dxe5 Nd7 14. Nf3
f6 15. Qa4 f5 16. c4 Qc6 17. Qxc6 bxc6 18. cxd5 cxd5 19. Rac1 Nb6 20. b3 Bd7
21. Nd4 Rec8 22. Ba6 Rxc1 23. Rxc1 Kf7 24. f4 Ke8 25. Kf2 Nc8 26. Nc6 Ne7 27.
Nd4 Ng6 28. g3 Nf8 29. Ke3 Kd8 30. h3 Bc8 31. Nc6+ Ke8 32. Bb5 Bd7 33. Nd4 Rb8
34. Bxd7+ Kxd7 35. Rc6 Rb6 36. Rc5 Ng6 37. a4 Ne7 38. Rc3 1/2-1/2

[Event "XVII OOM Podlaskie - Chlopcy"]
[Site "Suwalki"]
[Date "2011.??.??"]
[Round "5.22"]
[White "Mrozowski, Patryk"]
[Black "Gluszak, Pawel"]
[Result "0-1"]
[WhiteElo "1676"]
[BlackElo "1528"]
[PlyCount "98"]
[EventDate "2011.??.??"]

1. e4 c5 2. Nf3 e6 3. d4 cxd4 4. Nxd4 a6 5. Nc3 Qc7 6. Be3 Nf6 7. Be2 Bb4 8.
O-O Bxc3 9. bxc3 Nxe4 10. c4 Nc3 11. Qd3 Nxe2+ 12. Nxe2 O-O 13. c5 Nc6 14. Qd6
Qxd6 15. cxd6 b5 16. Bb6 Nb4 17. c3 Nd5 18. Bd4 Bb7 19. a4 bxa4 20. c4 Nf6 21.
Rxa4 Bc6 22. Ra5 Ne4 23. Ra2 Rfc8 24. c5 Bb5 25. Rc1 Bxe2 26. Rxe2 Nxd6 27. Be3
Nf5 28. Rd2 Nxe3 29. fxe3 d5 30. Rb2 Rab8 31. Rxb8 Rxb8 32. c6 Rc8 33. c7 Kf8
34. Rc6 Ke7 35. Kf2 Kd7 36. Rxa6 Rxc7 37. Ra8 Ke7 38. Kf3 Kf6 39. Ra6 h5 40.
Ra4 Rc4 41. Rxc4 dxc4 42. Ke4 c3 43. Kd3 Ke5 44. Kxc3 Ke4 45. Kd2 g5 46. Ke2 f5
47. g3 e5 48. Kf2 Kd3 49. h4 g4 0-1

[Event "XVII OOM Podlaskie - Chlopcy"]
[Site "Suwalki"]
[Date "2011.??.??"]
[Round "5.23"]
[White "Mazur, Bartlomiej"]
[Black "Lewtak, Dominik"]
[Result "0-1"]
[WhiteElo "1603"]
[BlackElo "1750"]
[PlyCount "78"]
[EventDate "2011.??.??"]

1. e4 c5 2. Nf3 Nf6 3. Nc3 Nc6 4. d4 d5 5. e5 cxd4 6. Nxd4 Nxe5 7. Bf4 Ng6 8.
Bg3 a6 9. Be2 e6 10. O-O Bc5 11. Nb3 Bd6 12. Qd3 O-O 13. Rad1 Bxg3 14. Qxg3 Bd7
15. Qd6 Bc6 16. Qb4 Qc7 17. Nc5 Rac8 18. a4 e5 19. Bf3 d4 20. N3e4 Nxe4 21.
Nxe4 Kh8 22. Nd6 Bxf3 23. gxf3 Rcd8 24. Ne4 f5 25. Qc5 Qd7 26. Nd2 Rc8 27. Qa3
Rxc2 28. Kh1 Rfc8 29. Rg1 Nf4 30. Rg3 Ne2 31. Rh3 Rxd2 32. Rf1 Rdc2 33. Rh4 d3
34. Rd1 Rc1 35. Rxc1 Rxc1+ 36. Kg2 Rc8 37. Rc4 Rd8 38. Qa1 Qd6 39. Kf1 Qg6 0-1

[Event "XVII OOM Podlaskie - Chlopcy"]
[Site "Suwalki"]
[Date "2011.??.??"]
[Round "6.11"]
[White "Karpacz, Piotr"]
[Black "Niekras, Dawid"]
[Result "0-1"]
[WhiteElo "1747"]
[BlackElo "1789"]
[PlyCount "84"]
[EventDate "2011.??.??"]

1. d4 d5 2. c4 e6 3. Nc3 Nf6 4. cxd5 exd5 5. Bg5 Be7 6. e3 c6 7. Bd3 O-O 8. Qc2
Nbd7 9. Nf3 Re8 10. O-O Nf8 11. Rae1 Ng6 12. Ne5 Nd7 13. Bxe7 Qxe7 14. f4 Nf6
15. a3 Qd6 16. h3 a6 17. Qf2 c5 18. g4 Nd7 19. Qg2 Ne7 20. g5 cxd4 21. exd4 Qb6
22. Nf3 Nf8 23. Rxe7 Rxe7 24. Nxd5 Qd6 25. Nxe7+ Qxe7 26. Re1 Qd6 27. f5 Bd7
28. Be4 g6 29. fxg6 Nxg6 30. Bxg6 hxg6 31. Qh2 Qd5 32. Qg3 Bc6 33. Kf2 Rd8 34.
Rd1 Qf5 35. Qg4 Qb5 36. b4 Qa4 37. Ne5 Qxa3 38. Qf4 Bd5 39. Qf6 Rf8 40. Qf4
Qxh3 41. Rg1 Rc8 42. Rc1 Qg2+ 0-1

[Event "XVII OOM Podlaskie - Chlopcy"]
[Site "Suwalki"]
[Date "2011.04.18"]
[Round "6.12"]
[White "Maciejewski, Andrzej"]
[Black "Tomaszewski, Kacper"]
[Result "1-0"]
[WhiteElo "1721"]
[BlackElo "1775"]
[PlyCount "65"]
[EventDate "2011.??.??"]

1. e4 c5 2. Nf3 e6 3. b3 Nc6 4. Bb2 d5 5. exd5 exd5 6. Bb5 Nf6 7. O-O Be7 8. d4
O-O 9. h3 a6 10. Bxc6 bxc6 11. Ne5 Qc7 12. c3 Bd6 13. f4 cxd4 14. cxd4 a5 15.
Qc2 Ba6 16. Rc1 Rfc8 17. Ba3 Bxa3 18. Nxa3 Ne4 19. Qxc6 Qe7 20. Qxd5 Bb7 21.
Qd7 Qxa3 22. Qxf7+ Kh8 23. Rxc8+ Rxc8 24. Qxb7 Nd6 25. Nf7+ Kg8 26. Nxd6 Rc1+
27. Kh2 Qxd6 28. Rxc1 Qxf4+ 29. g3 Qxc1 30. Qd5+ Kf8 31. Qc5+ Qxc5 32. dxc5 Kf7
33. a3 1-0

[Event "XVII OOM Podlaskie - Chlopcy"]
[Site "Suwalki"]
[Date "2011.??.??"]
[Round "6.13"]
[White "Kowalczyk, Mariusz"]
[Black "Ogonowski, Jakub"]
[Result "1/2-1/2"]
[WhiteElo "1765"]
[BlackElo "1690"]
[PlyCount "127"]
[EventDate "2011.??.??"]

1. e4 c5 2. c3 d5 3. exd5 Qxd5 4. d4 Nf6 5. Nf3 Bg4 6. Be2 e6 7. O-O Be7 8. Be3
cxd4 9. cxd4 Nc6 10. Nc3 Qd6 11. Qd2 O-O 12. Rac1 Rfd8 13. Rfd1 Rac8 14. a3 Nd5
15. Ne4 Qd7 16. Ng3 Bd6 17. Ne4 Be7 18. Nc5 Bxc5 19. dxc5 Qc7 20. Nd4 Nxd4 21.
Bxd4 Bxe2 22. Qxe2 Nf4 23. Qc4 Ng6 24. b4 Rd5 25. Be3 Rcd8 26. Re1 Qd7 27. f4
Ne7 28. b5 Qxb5 29. Rb1 Qc6 30. Qb5 R5d7 31. Qa5 Nd5 32. Qb5 Qxb5 33. Rxb5 f6
34. Kf2 Kf7 35. Rb3 Nxe3 36. Kxe3 Rc8 37. Rc1 Ke7 38. Rb4 Kd8 39. Ra4 a6 40.
Re4 Rc6 41. g4 Rd5 42. Rec4 Kc8 43. h4 Rd7 44. g5 f5 45. h5 Kb8 46. Rd4 Kc7 47.
Rcd1 Rxd4 48. Kxd4 Kd7 49. Rb1 Kc8 50. Ke5 Kc7 51. h6 gxh6 52. gxh6 Kc8 53. Rg1
Rxc5+ 54. Kf6 Rc7 55. Rg7 b5 56. Rxc7+ Kxc7 57. Kg7 a5 58. Kxh7 b4 59. axb4
axb4 60. Kg6 b3 61. h7 b2 62. h8=Q b1=Q 63. Qc3+ Kd7 64. Kf6 1/2-1/2

[Event "XVII OOM Podlaskie - Chlopcy"]
[Site "Suwalki"]
[Date "2011.??.??"]
[Round "6.14"]
[White "Czerw, Dawid"]
[Black "Szymanowicz, Maksymilian"]
[Result "1/2-1/2"]
[WhiteElo "1761"]
[BlackElo "1596"]
[PlyCount "94"]
[EventDate "2011.??.??"]

1. d4 d5 2. c4 Nc6 3. e3 e5 4. cxd5 Qxd5 5. Nc3 Bb4 6. a3 Bxc3+ 7. bxc3 Nf6 8.
c4 Qd6 9. d5 Ne7 10. Bd2 Nd7 11. Nf3 a5 12. Bc3 f6 13. Nd2 Nc5 14. Nb3 Nxb3 15.
Qxb3 b6 16. Rd1 O-O 17. Bd3 Bd7 18. O-O Kh8 19. e4 Ng6 20. Bd2 Nf4 21. Be3 Nxd3
22. Qxd3 Ba4 23. Rc1 c5 24. f4 Rab8 25. Rb1 Kg8 26. Rb2 Kh8 27. Kh1 Kg8 28. Qe2
Kh8 29. Rf3 Kg8 30. f5 Bd7 31. Rh3 g5 32. fxg6 Bxh3 33. Qh5 Rb7 34. gxh3 hxg6
35. Rg2 g5 36. h4 Rg7 37. hxg5 fxg5 38. Rxg5 Rxg5 39. Qxg5+ Kf7 40. Qh5+ Kg8
41. Qg4+ Kh7 42. Qh4+ Kg8 43. Qg3+ Kh7 44. h4 Qf6 45. Kh2 Qf1 46. Qg4 Qxc4 47.
Qh5+ Kg8 1/2-1/2

[Event "XVII OOM Podlaskie - Chlopcy"]
[Site "Suwalki"]
[Date "2011.??.??"]
[Round "6.15"]
[White "Lebiedowicz, Borys"]
[Black "Chmielarz, Maciej"]
[Result "1-0"]
[WhiteElo "1689"]
[BlackElo "1823"]
[PlyCount "81"]
[EventDate "2011.??.??"]

1. e4 c6 2. d4 d5 3. Nc3 dxe4 4. Nxe4 Bf5 5. Ng3 Bg6 6. Nf3 Nd7 7. h4 h6 8. h5
Bh7 9. Bd3 Bxd3 10. Qxd3 Qc7 11. Bd2 Ngf6 12. O-O-O e6 13. Ne4 Be7 14. g3 Nxe4
15. Qxe4 Nf6 16. Qe2 Rd8 17. Kb1 a6 18. Be3 Nd5 19. c4 Nxe3 20. fxe3 c5 21. d5
exd5 22. cxd5 c4 23. e4 c3 24. Qc2 Rc8 25. e5 Bb4 26. Nd4 Qd7 27. e6 Qd6 28.
Nf5 Qb8 29. exf7+ Kd7 30. Rde1 b5 31. Nxg7 cxb2 32. Qf5+ Kc7 33. Qf4+ Bd6 34.
Re7+ Kb6 35. Re6 Rhd8 36. Ne8 Ka5 37. Rxd6 Rc1+ 38. Rxc1 bxc1=Q+ 39. Kxc1 Qc8+
40. Rc6 Qh3 41. Qc7+ 1-0

[Event "XVII OOM Podlaskie - Chlopcy"]
[Site "Suwalki"]
[Date "2011.04.18"]
[Round "6.16"]
[White "Czajkowski, Adam"]
[Black "Smieszek, Wojciech"]
[Result "1/2-1/2"]
[WhiteElo "1802"]
[BlackElo "1741"]
[PlyCount "65"]
[EventDate "2011.??.??"]

1. e4 c5 2. Nf3 Nc6 3. d4 cxd4 4. Nxd4 g6 5. c4 Bg7 6. Be3 Nf6 7. Nc3 O-O 8.
Be2 d6 9. O-O Nxd4 10. Bxd4 Be6 11. b3 Qa5 12. Qd3 Nd7 13. Bxg7 Kxg7 14. Nd5
Bxd5 15. exd5 Rac8 16. Rfe1 Rc7 17. h4 Qc5 18. a4 a5 19. g3 Ne5 20. Qe3 Qxe3
21. fxe3 Ra8 22. Rec1 Rc5 23. Rc3 Nd7 24. Bg4 Nb8 25. Rf1 Na6 26. e4 Nc7 27.
Rcf3 Rf8 28. Bd7 f6 29. Kg2 Rd8 30. Bg4 Na6 31. R1f2 Rc7 32. Re3 Nc5 33. Bd1
1/2-1/2

[Event "XVII OOM Podlaskie - Chlopcy"]
[Site "Suwalki"]
[Date "2011.04.18"]
[Round "6.17"]
[White "Osinski, Emil"]
[Black "Zebracki, Tomasz"]
[Result "0-1"]
[WhiteElo "1672"]
[BlackElo "1798"]
[PlyCount "78"]
[EventDate "2011.??.??"]

1. e4 e6 2. d4 d5 3. exd5 exd5 4. Bd3 Bd6 5. Nf3 Bg4 6. c3 Nc6 7. Be3 Nge7 8.
O-O Qd7 9. Nbd2 O-O-O 10. b4 f5 11. Bg5 h6 12. Bxe7 Nxe7 13. Qc2 g5 14. a4 f4
15. Rfe1 Bf5 16. Ne5 Bxe5 17. Rxe5 Bxd3 18. Qxd3 Nc6 19. Ree1 g4 20. Nb3 Qf7
21. Nc5 Rde8 22. a5 f3 23. Qb5 Nd8 24. g3 Qh5 25. Qf1 Nf7 26. Nd3 Nd6 27. Nf4
Qf5 28. Qd3 Re4 29. Rxe4 dxe4 30. Qf1 h5 31. c4 h4 32. c5 hxg3 33. fxg3 Qh7 34.
Ra2 Nf5 35. c6 e3 36. cxb7+ Kb8 37. b5 Nxg3 38. Qe1 Qe4 39. b6 f2+ 0-1

[Event "XVII OOM Podlaskie - Chlopcy"]
[Site "Suwalki"]
[Date "2011.??.??"]
[Round "6.18"]
[White "Lewtak, Dominik"]
[Black "Chomczyk, Marek"]
[Result "1-0"]
[WhiteElo "1750"]
[BlackElo "1696"]
[PlyCount "159"]
[EventDate "2011.??.??"]

1. e4 e5 2. Nf3 Nc6 3. Bb5 a6 4. Ba4 d6 5. c3 Bd7 6. d4 Nf6 7. O-O Be7 8. Re1
exd4 9. cxd4 Nb4 10. a3 Nc6 11. Bc2 O-O 12. b3 Bg4 13. Bb2 b5 14. Qd3 g6 15. d5
Na5 16. Nbd2 c5 17. dxc6 Nxc6 18. h3 Bc8 19. Rad1 Bb7 20. b4 Nd7 21. Nf1 Nce5
22. Nxe5 Nxe5 23. Qg3 Nc4 24. Ba1 Qc7 25. Qc3 f6 26. Bb3 Kg7 27. Ne3 Rac8 28.
Bxc4 bxc4 29. Rd4 Qd7 30. Rxc4 Rxc4 31. Qxc4 Rc8 32. Qd4 Qe6 33. Nd5 Bxd5 34.
Qxd5 Qxd5 35. exd5 Kf7 36. Rd1 Rc2 37. Bd4 f5 38. Rd3 f4 39. Rf3 g5 40. g3 Rd2
41. Bc3 Rxd5 42. gxf4 Rf5 43. Bd2 Ke6 44. Kg2 gxf4 45. Rxf4 Rxf4 46. Bxf4 d5
47. Kf3 Kf5 48. Bd2 d4 49. Ke2 Ke4 50. f3+ Kd5 51. Kd3 Bd6 52. Bc1 Be7 53. Bb2
Bf6 54. f4 Bg7 55. a4 Bf8 56. b5 axb5 57. axb5 Bc5 58. f5 h6 59. f6 h5 60. f7
Ke6 61. Bxd4 Bd6 62. Ba7 Kxf7 63. b6 Kf6 64. b7 Kg5 65. Bf2 Kf5 66. h4 Bb8 67.
Kc4 Ke6 68. Kb5 Kd7 69. Kb6 Kd8 70. Kc6 Ke8 71. Bc5 Kd8 72. Bd6 Ba7 73. b8=Q+
Bxb8 74. Bxb8 Ke7 75. Kd5 Kf6 76. Ke4 Ke6 77. Kf4 Kf6 78. Be5+ Ke6 79. Bb2 Kf7
80. Kg5 1-0

[Event "XVII OOM Podlaskie - Chlopcy"]
[Site "Suwalki"]
[Date "2011.04.18"]
[Round "6.19"]
[White "Gluszak, Pawel"]
[Black "Nun, Grzegorz"]
[Result "1/2-1/2"]
[WhiteElo "1528"]
[BlackElo "1705"]
[PlyCount "62"]
[EventDate "2011.??.??"]

1. e4 c5 2. Nf3 d6 3. d4 cxd4 4. Nxd4 Nf6 5. Nc3 a6 6. Be2 e6 7. Be3 Be7 8. Qd2
O-O 9. f4 Nbd7 10. Bf3 Nb6 11. O-O-O Nc4 12. Qe2 Nxe3 13. Qxe3 Qc7 14. g4 Nd7
15. h4 Nb6 16. Be2 Nc4 17. Bxc4 Qxc4 18. f5 b5 19. g5 b4 20. Nb1 e5 21. Nf3 Bb7
22. Nbd2 Qc7 23. f6 Rfc8 24. Kb1 Qxc2+ 25. Ka1 Bf8 26. h5 Qc5 27. Qe2 Qb5 28.
Qg2 Qa4 29. fxg7 Bxg7 30. g6 fxg6 31. hxg6 h6 1/2-1/2

[Event "XVII OOM Podlaskie - Chlopcy"]
[Site "Suwalki"]
[Date "2011.??.??"]
[Round "6.20"]
[White "Beczala, Pawel"]
[Black "Molenda, Marcin"]
[Result "1/2-1/2"]
[WhiteElo "1693"]
[BlackElo "1614"]
[PlyCount "111"]
[EventDate "2011.??.??"]

1. e4 e5 2. Nf3 Nc6 3. d4 exd4 4. Bc4 d6 5. Nxd4 Be7 6. Nc3 Nf6 7. O-O O-O 8.
Kh1 Ng4 9. Nxc6 bxc6 10. f4 Bf6 11. h3 Bxc3 12. bxc3 Nf6 13. Bd3 Re8 14. Qf3
Bb7 15. f5 h6 16. Qg3 Kh7 17. Re1 c5 18. e5 dxe5 19. Ba3 e4 20. Bc4 Qd6 21. Qe3
Nd5 22. Bxd5 Qxd5 23. Qxc5 Qxc5 24. Bxc5 Re5 25. Be3 Rxf5 26. Rad1 Bc6 27. Rd4
Ra5 28. Rc4 Bd5 29. Rxc7 Rxa2 30. c4 Rxc2 31. Bxa7 Rxc4 32. Rxc4 Bxc4 33. Rxe4
Rxa7 34. Rxc4 Ra3 35. Kh2 Re3 36. Rf4 Kg6 37. Rf2 f6 38. h4 h5 39. g3 Kf7 40.
Ra2 Ke6 41. Ra6+ Kf5 42. Ra5+ Re5 43. Ra2 Re4 44. Kh3 Re3 45. Kg2 Rc3 46. Ra5+
Kg6 47. Ra2 Kh6 48. Rf2 Re3 49. Ra2 Re6 50. Kf3 g5 51. hxg5+ fxg5 52. Rb2 Kg6
53. Ra2 Kf5 54. Ra3 Rc6 55. Ra5+ Kf6 56. Ra3 1/2-1/2

[Event "XVII OOM Podlaskie - Chlopcy"]
[Site "Suwalki"]
[Date "2011.04.18"]
[Round "6.21"]
[White "Krawiecki, Stanislaw"]
[Black "Maciejewski, Mikolaj"]
[Result "1-0"]
[WhiteElo "1520"]
[BlackElo "1622"]
[PlyCount "53"]
[EventDate "2011.??.??"]

1. e4 c5 2. Nf3 Nc6 3. d4 cxd4 4. Nxd4 e5 5. Nb5 a6 6. Nd6+ Bxd6 7. Qxd6 Qf6 8.
Qxf6 Nxf6 9. Nc3 d5 10. exd5 Nb4 11. Bd3 Nxd3+ 12. cxd3 Bf5 13. Bg5 Bxd3 14.
Bxf6 gxf6 15. O-O-O Bf5 16. f4 O-O-O 17. h3 h5 18. d6 Rhg8 19. Nd5 Kb8 20. Ne7
Rxg2 21. Nxf5 Rc8+ 22. Kb1 Rcc2 23. Ne3 Rxb2+ 24. Kc1 Rge2 25. d7 Rxa2 26.
d8=Q+ Ka7 27. Qd3 1-0

[Event "XVII OOM Podlaskie - Chlopcy"]
[Site "Suwalki"]
[Date "2011.04.18"]
[Round "6.22"]
[White "Szymanowski, Mateusz"]
[Black "Mrozowski, Patryk"]
[Result "1-0"]
[WhiteElo "1743"]
[BlackElo "1676"]
[PlyCount "99"]
[EventDate "2011.??.??"]

1. e4 c5 2. Nf3 e6 3. d4 cxd4 4. Nxd4 Nf6 5. Bd3 a6 6. c4 d6 7. Nc3 Be7 8. f3
Qc7 9. Nc2 Nc6 10. Be3 Bd7 11. Qe2 Rc8 12. b3 Ne5 13. a4 Nxd3+ 14. Qxd3 b6 15.
O-O O-O 16. Rfd1 Bc6 17. Nd4 Rfd8 18. Bg5 h6 19. Bh4 Bb7 20. Rac1 Qc5 21. Bf2
Qc7 22. Qe2 Ne8 23. f4 Bf6 24. f5 Bxd4 25. Bxd4 Ba8 26. Qf2 Rb8 27. Rd3 e5 28.
Be3 Nf6 29. Qh4 Ne8 30. Bxh6 f6 31. Rg3 Qe7 32. Rg6 b5 33. axb5 axb5 34. Nxb5
Bc6 35. Rc3 Bxb5 36. cxb5 Rdc8 37. Qe1 Rxc3 38. Qxc3 Qb7 39. Qc4+ Kh7 40. Be3
Rc8 41. Qd3 Qa8 42. h3 Qa1+ 43. Kh2 Rc3 44. Qe2 Rxb3 45. Rg4 Rb1 46. Rh4+ Kg8
47. Qc4+ Kf8 48. Rh8+ Ke7 49. Qe6+ Kd8 50. Bb6# 1-0